000 00221nam a22001097a 4500
041 _aeng
080 _a80
100 _aKusmitschewa, L. W.
245 _aDeutsche Grammatic in Mustern.
650 _aGerman
999 _c277776
_d277776
942 _cBK